| 000 | 00387nam a2200145 4500 | ||
|---|---|---|---|
| 001 | 120037 | ||
| 003 | ES-MaACL | ||
| 005 | 20230906191443.0 | ||
| 007 | t| | ||
| 008 | 070214s1913 mx r ||||1| spa d | ||
| 100 | 1 |
_aPérez Taylor, Rafael. _991170 |
|
| 245 | 1 | 3 |
_aEl socialismo en México / _cRafael Pérez Taylor. |
| 260 |
_aMéxico : _b[s.n.], _c1913. |
||
| 852 |
_aES-MaACL _j1547-F-14 |
||
| 999 |
_c120037 _d120037 |
||